[Event "Gatineau Benevoles"]
[Site "Gatineau"]
[Date "2013.12.10"]
[Round "1"]
[White "Lessard, Alex"]
[Black "Roth, Gerhard"]
[Result "1-0"]
[WhiteElo "1111"]
[BlackElo "1495"]
[PlyCount "82"]
[EventDate "2013.12.10"]
[EventType "swiss"]
[EventRounds "4"]
[EventCountry "CAN"]
[SourceTitle "EXT 2022"]
[Source "ChessBase"]
[SourceDate "2021.10.06"]
[SourceVersion "1"]
[SourceVersionDate "2021.10.06"]
[SourceQuality "1"]

1. d4 Nf6 2. c4 g6 3. g3 Bg7 4. Bg2 c5 5. d5 d6 6. Nc3 0-0 7. Nf3 a6 8. a4 Bg4 9. 0-0 Nbd7 10. a5 b5 11. axb6 Nxb6 12. Nd2 Qc8 13. Rb1 Bh3 14. b3 Bxg2 15. Kxg2 Ng4 16. Bb2 Ne5 17. h3 f5 18. f4 Nf7 19. Nf3 e5 20. dxe6 Qxe6 21. Re1 Rab8 22. e4 Nxc4 23. e5 Nxb2 24. Rxb2 dxe5 25. fxe5 Nxe5 26. Nxe5 Bxe5 27. Rbe2 Qc6+ 28. Qd5+ Qxd5+ 29. Nxd5 Bd4 30. b4 Rf7 31. bxc5 Bxc5 32. Nf4 a5 33. Re8+ Rf8 34. R8e5 Rb2+ 35. Kh1 Bb4 36. Rd1 Bc3 37. Rc5 Bb4 38. Rb5 Bc3 39. Rc5 Bb4 40. Rb5 a4 41. Nd3 Rc8 1-0

[Event "Gatineau Maisonneuve Memorial"]
[Site "Gatineau"]
[Date "2011.11.15"]
[Round "4"]
[White "Martin, Steve"]
[Black "Roth, Gerhard"]
[Result "1-0"]
[WhiteElo "1684"]
[BlackElo "1250"]
[PlyCount "67"]
[EventDate "2011.10.25"]
[EventType "swiss"]
[EventRounds "4"]
[EventCountry "CAN"]
[SourceTitle "EXT 2022"]
[Source "ChessBase"]
[SourceDate "2021.10.06"]
[SourceVersion "1"]
[SourceVersionDate "2021.10.06"]
[SourceQuality "1"]

1. e4 c5 2. c3 g6 3. d4 Bg7 4. dxc5 Nc6 5. Nf3 Qa5 6. Be3 Nf6 7. Nbd2 Ng4 8. Bd4 Nxd4 9. cxd4 e5 10. h3 Nf6 11. Nxe5 Nxe4 12. Bd3 Bxe5 13. dxe5 Nxc5 14. Bc2 Ne6 15. 0-0 Qxe5 16. Nc4 Qd4 17. Qxd4 Nxd4 18. Rae1+ Kf8 19. Be4 Kg7 20. Nd6 Rb8 21. Bd5 Ne6 22. f4 b6 23. f5 Nc7 24. Bxf7 Ba6 25. Rf3 Rhf8 26. Bb3 Ne8 27. Re7+ Kf6 28. Rxd7 Nxd6 29. Rxd6+ Kg5 30. f6 Rbd8 31. Rxd8 Rxd8 32. f7 Rf8 33. Re3 Bb5 34. Re5+ 1-0